| 000 | 00772nas a2200265 4500 | ||
|---|---|---|---|
| 001 | BR0707228 | ||
| 003 | BR-BrBNA | ||
| 005 | 20231205111344.0 | ||
| 007 | ta | ||
| 008 | 230509b bl.|||p| |||| 00| 00por d | ||
| 040 |
_aBR-BrBNA _bpor _cBiblioteca Nacional de Agricultura |
||
| 041 | _a(Pt) | ||
| 072 | _ak10; F30 | ||
| 100 | 1 | _aSchmidt, P.B. | |
| 100 | 1 | _aVolpato, E. | |
| 245 | 1 | _aAspectos silviculturais de algumas espécies nativas da Amazônia | |
| 650 | _aAMAZÔNIA | ||
| 650 | _aSILVICULTURA | ||
| 650 | _aRESERVA FLORESTAL | ||
| 650 | _aANÁLISE DO SOLO | ||
| 650 | _aDENDROMETRIA | ||
| 773 | 0 |
_tActa Amazonica (Brazil) _xISSN 0044-5967 _g(Aug 1972), v. 2(2) p. 99-122 _wBR0707228 |
|
| 909 |
_a202311 _bLúcia _c55 _dLúcia Elande |
||
| 942 |
_2AGRIS _n0 _cANA |
||
| 999 |
_c192230 _d192230 |
||